[Event "Bulan Sogotu Yurtaev Memorial"]
[Site "Bulan Sogotu"]
[Date "2024.06.20"]
[Round "8"]
[White "Abdukholikov, Shavkat"]
[Black "Momunaliev, Ruslan"]
[Result "0-1"]
[WhiteElo "1811"]
[BlackElo "1904"]
[PlyCount "44"]
[EventDate "2024.06.13"]
[EventType "swiss"]
[EventRounds "9"]
[EventCountry "KGZ"]
[SourceTitle "EXT 2025"]
[Source "ChessBase"]
[SourceDate "2024.10.14"]
[SourceVersion "1"]
[SourceVersionDate "2024.10.14"]
[SourceQuality "1"]

1. e4 c5 2. c3 d5 3. exd5 Qxd5 4. d4 Nc6 5. Nf3 e5 6. Nxe5 Nxe5 7. dxe5 Qxe5+ 8. Be3 Bd7 9. Nd2 0-0-0 10. Qb3 Nf6 11. 0-0-0 Bc6 12. Be2 Nd5 13. Nc4 Qc7 14. Bg4+ Kb8 15. Bf3 Be7 16. Na5 Qxa5 17. Bxd5 c4 18. Bf4+ Ka8 19. Bxc4 Ba4 20. Rxd8+ Rxd8 21. Bc7 Qg5+ 22. f4 Qxg2 0-1

[Event "Bulan Sogotu Yurtaev Memorial"]
[Site "Bulan Sogotu"]
[Date "2024.06.16"]
[Round "4"]
[White "Abdukholikov, Shavkat"]
[Black "Murzin, Marat"]
[Result "1-0"]
[WhiteElo "1811"]
[BlackElo "1868"]
[PlyCount "61"]
[EventDate "2024.06.13"]
[EventType "swiss"]
[EventRounds "9"]
[EventCountry "KGZ"]
[SourceTitle "EXT 2025"]
[Source "ChessBase"]
[SourceDate "2024.10.14"]
[SourceVersion "1"]
[SourceVersionDate "2024.10.14"]
[SourceQuality "1"]

1. e4 g6 2. d4 Bg7 3. f4 c6 4. Nf3 d5 5. exd5 cxd5 6. Bd3 Nf6 7. c3 Nc6 8. Qc2 e6 9. Ne5 Bd7 10. 0-0 Rc8 11. Qe2 0-0 12. Nd2 a6 13. Nb3 Rc7 14. Bd2 Bc8 15. Be1 Nd7 16. g4 Ndxe5 17. fxe5 f6 18. Bh4 g5 19. exf6 Bxf6 20. Bg3 Re7 21. Qd2 e5 22. Bf5 e4 23. Bxc8 e3 24. Qe2 Qxc8 25. Bd6 Qd7 26. Bxe7 Qxe7 27. Rae1 Qd7 28. h3 h5 29. Qxe3 Kg7 30. Nc5 Qd6 31. Ne6+ 1-0

[Event "Bulan Sogotu Yurtaev Memorial"]
[Site "Bulan Sogotu"]
[Date "2024.06.14"]
[Round "2"]
[White "Abdukholikov, Shavkat"]
[Black "Khaitov, Akmal"]
[Result "1-0"]
[WhiteElo "1811"]
[BlackElo "1679"]
[PlyCount "67"]
[EventDate "2024.06.13"]
[EventType "swiss"]
[EventRounds "9"]
[EventCountry "KGZ"]
[SourceTitle "EXT 2025"]
[Source "ChessBase"]
[SourceDate "2024.10.14"]
[SourceVersion "1"]
[SourceVersionDate "2024.10.14"]
[SourceQuality "1"]

1. e4 d6 2. d4 Nd7 3. Nf3 c6 4. Nc3 e6 5. Bd3 Ne7 6. e5 d5 7. Ng5 g6 8. Qf3 Nf5 9. Bxf5 gxf5 10. Nxe6 Qb6 11. Nxf8 Nxf8 12. Ne2 Be6 13. c3 0-0-0 14. Ng3 f4 15. Qxf4 Ng6 16. Qe3 h5 17. h4 Rdg8 18. Qe2 Bg4 19. f3 Be6 20. Bg5 Nf8 21. 0-0-0 Nd7 22. Qc2 Kb8 23. Nf5 Qc7 24. f4 f6 25. exf6 Rxg5 26. fxg5 Qf4+ 27. Qd2 Qxf5 28. Rhf1 Qg6 29. Rde1 Nf8 30. Qf4+ Kc8 31. Qd6 Bd7 32. Re7 Rh7 33. Kd2 Rxe7 34. fxe7 1-0